LEADER 01255nam a2200289 i 4500 001 000000338225 003 CaOOAMICUS 005 20191128120937.0 008 191128s1957 it u000 u ita u 013 $a78299 040 $aSeMil$bita 100 1 $aJungmann, Josef Andreas .$0(OLS)http://semarc/name/89616 240 10$aVom sinn der Messe als opfer der Gemeinschaft.$0(OLS)http://semarc/title/427064 245 13$aLa S. Messa come offerta della Comunità Cristiana /$cG. A. Jungmann ; presentazione di Agostino Gemelli. 250 $a2. ed. 264 3$aMilano :$bVita e Pensiero,$c1957. 300 $a77 p. ;$c19 cm. 541 $aFondo card. Giovanni Colombo 650 4$aEucaristia - Rito.$0(OLS)http://semarc/subject/13774 650 4$aMessa - Sacrificio.$0(OLS)http://semarc/subject/7027 700 1 $aGemelli, Agostino,$c.$0(OLS)http://semarc/name/2238 850 $aSeMil 852 $aSeMil$W1$xVenegono$y1$m3GC VI 437$j217801$B229491$CSeMilBibl$Z2$F229491 $8B 941 1 $a3 996 $6245$aLa S. Messa come offerta della Comunità Cristiana$9(OLS)http://semarc/title/153804 996 $6264$aMilano :$bVita e Pensiero$9(OLS)http://semarc/publisher/29642 LEADER 01026nam a2200265 i 4500 001 000000038096 003 CaOOAMICUS 005 20081016000000.0 008 081016s1959 xx u000 u fre u 013 $a8501 040 $aSeMil$bita 100 1 $aSaint-Exupéry, Antoine : de,$d<1900-1944>.$0(OLS)http://semarc/name/15573 245 10$aOeuvres /$cA. de Saint-Exupéry ; préface de Roger Caillois. 260 $a[Paris] :$bGallimard,$ccopyr. 1959. 300 $aXXX, 1008 p. ;$c19 cm. 490 0 $aBibliothèque de la pléiade ;$v98 500 $aFondo Ciprandi. 700 1 $aCaillois, Roger,$d<1913-1978>.$0(OLS)http://semarc/name/8857 830 0$aBibliothèque de la Pléiade ;$v98.$0(OLS)http://semarc/title/42418 850 $aSeMil 852 $aSeMil$W1$xVenegono$y1$m1W VI 223$j4251$B4251$CSeMilBibl$Z2$F4251 $81 941 1 $a1 961 $aOmaggio: Ciprandi dott. Paolo 996 $6245$aOeuvres$9(OLS)http://semarc/title/2131 996 $6260$a[Paris] :$bGallimard$9(OLS)http://semarc/publisher/30050